000 00582nam a22001817a 4500
001 146858
003 OSt
005 20230922164226.0
008
020 _a9788177588293
082 _a006.31
_bG56G
100 1 _aGoldberg, David E.
245 1 _aGenetic algorithms in search, optimization, and machine learning
_cby David E. Goldberg
260 _aNoida, UP
_bPearson India Education Services
_c2013
300 _axiii, 412 p.
653 _aMachine learning; Genetic algorithms; Algorithms; Combinatorial optimizations
942 _cBK
_2ddc
999 _c26690
_d26690